000 00932nam a2200253 c 4500
003 BLK
005 20250726105916.0
008 180411b bul|||||r ||||||| ||bul||
020 _a9789542849094
040 _aBLK
041 _aBUL
_cBUL
080 _aАнглийска литература
_b821.111
_x-31
_z821.111-31
100 1 _aХоукинс, Паула
_eпърви автор
_9339403
139 _aХоукинс, Паула
_bХ 70
245 1 0 _aСиният час
_bРоман
_cПаула Хоукинс ; прев. от англ. Коста Сивов
260 _aСофия
_bСиела Норма
_c2024
_9217021
_n978-954-28-
300 _a304 с.
_c21 см
380 _aX
700 _aСивов, Коста Атанасов
_eпрев. от англ.
_9383724
856 4 _qpdf
856 4 _qpdf
942 _cKNG
_n0
_012
999 _c522239
_d522239
944 _a30545
_cНора Радева
_k30550
_lКети Илиева